Visualizzazione normale
Vista MARC
- Gamse A.
di Personal Name
Records bibliografici associati: 1
001 - CONTROL NUMBER
- control field: 3373
003 - CONTROL NUMBER IDENTIFIER
- control field: IT-RoPau
005 - DATE AND TIME OF LATEST TRANSACTION
- control field: 20131124161634.0
008 - FIXED-LENGTH DATA ELEMENTS
- fixed length control field: 131124|| aca||aabn | a|a d
040 ## - CATALOGING SOURCE
- Original cataloging agency: IT-RoPau
- Transcribing agency: IT-RoPau
100 ## - HEADING--PERSONAL NAME
- Personal name: Gamse A.
- Dates associated with a name: Codice autore testo/musica SPICS: 14499
- Relator term: Autore testo/musica
- Name of part/section of a work: La raspa
670 ## - SOURCE DATA FOUND
- Source citation: Work cat.: (IT-RoPau)100084: AA.VV. 794, Rumbe sambe e Cha cha cha